| 000 | 00975ngm a22003130a 4500 | ||
|---|---|---|---|
| 001 | PT16574 | ||
| 003 | AR-LpoUNG | ||
| 005 | 20210202000218.0 | ||
| 007 | vd cvaizq | ||
| 008 | 191001ss. f||||ag |||||||||||||||||ita d | ||
| 040 |
_aAR-LpoUNG _bspa _cAR-LpoUNG _eaacr |
||
| 041 |
_aita _aspa |
||
| 044 | _aag | ||
| 082 | 0 | _a982.06 472sev | |
| 100 | 1 |
_aAlvarez, Eliseo _eprod. |
|
| 245 | 1 | 0 |
_aSeverino Di Giovanni : _buna vida : una historia de pasión y muerte |
| 260 |
_aBuenos Aires : _bBlackman, _cs. f.. |
||
| 300 | _aVHS (60 min.) : son., byn, col. | ||
| 520 | _aSe trata de cuestionamientos que giran en torno a la constitución política, ideológica y social de un país tan contradictorio y particular como la Argentina. | ||
| 650 | 4 | _aARGENTINA | |
| 650 | 4 | _aASPECTOS POLITICOS | |
| 650 | 4 | _aCULTURA | |
| 650 | 4 | _aDESARROLLO POLITICO | |
| 650 | 4 | _aIDEOLOGIAS | |
| 650 | 4 | _aSISTEMAS POLITICOS | |
| 653 | _aVIDEOS | ||
| 905 | _a16574 | ||
| 942 | _cVIDEO | ||
| 999 |
_c54356 _d54356 |
||